| 000 | 00000nam 2200000za 4500 |
| 001 | 9.642819 |
| 003 | CaOODSP |
| 005 | 20240207110918 |
| 007 | cr ||||||||||| |
| 008 | 150407|2009||||xxc|||||o f|0| 0 fre d |
| 040 | |aCaOODSP|bfre |
| 043 | |an-cn--- |
| 086 | 1 |aSE3-86/2009F-PDF |
| 245 | 03|aLa participation électorale des Autochtones du Canada |h[ressource électronique] / |c[par] Paul Howe et David Bedford, Université du Nouveau-Brunswick. |
| 260 | |aOttawa : |bÉlections Canada, |c[2009]. |
| 300 | |a43 p. : |bgraphiques |
| 590 | |a14-07-Supp|b2014-04-03 |
| 691 | 07|aAutochtones|2gcpds |
| 691 | 07|aÉlections|2gcpds |
| 710 | 2 |aÉlections Canada. |
| 720 | 1 |aHowe, Paul |
| 720 | 1 |aBedford, David |
| 775 | 08|tElectoral participation of Aboriginals in Canada |w(CaOODSP)9.698808 |
| 856 | 40|ahttp://publications.gc.ca|qPDF|s355 Ko|uhttps://publications.gc.ca/collections/collection_2014/elections/SE3-86-2009-fra.pdf |